|
|
|
|
| LEADER |
00000naa a2200000uu 4500 |
| 001 |
vtls011034023 |
| 003 |
SK-MaSNL |
| 005 |
20260302124807.0 |
| 008 |
220817|2002 xo |||||||||||||||||cze| |
| 015 |
|
|
|a SNBRA
|
| 035 |
|
|
|a (urnnbn)urn:nbn:sk:snk:ar-008sii
|
| 035 |
|
|
|a (uuid)9db997a5-9d70-4b46-96ed-58dbe619d168
|
| 035 |
|
|
|a urn:nbn:sk:snk-aauoct
|
| 040 |
|
|
|a SNKBUCL
|b slo
|c SNKBUCL
|e AACR2
|
| 041 |
0 |
|
|a cze
|
| 044 |
|
|
|a xo
|c SK
|
| 100 |
1 |
|
|a Kurek, Václav
|4 aut
|9 811135
|
| 245 |
1 |
0 |
|a Kolejnice vyráběné v TŽ a.s.
|c Václav Kurek
|
| 773 |
0 |
|
|t Zváranie a naváranie koľajníc
|d Žilina : Dom techniky ZSVTS, 2002
|g S. 69-77
|z 8023103539
|
| 954 |
|
|
|a odborná, vedecká literatúra pôvodná (slovenská)
|2 lita
|
| 954 |
|
|
|a odborná, vedecká literatúra cudzojazyčná (svetová)
|2 lita
|
| 958 |
|
|
|a OND
|
| 958 |
|
|
|a article12
|
| 958 |
|
|
|a chapter
|
| 999 |
|
|
|c 1290145
|d 1292075
|